Statistics for Countries That Come First In Their Alphabetical Order

Click here to take the quiz!

General Stats

  • This quiz has been taken 32 times
    (24 since last reset)
  • The average score is 16 of 24

Answer Stats

LetterFirst Country% Correct
YYemen
100%
ZZambia
100%
QQatar
95%
OOman
89%
AAfghanistan
84%
HHaiti
84%
JJamaica
84%
UUganda
79%
BBahamas
74%
IIceland
74%
VVanuatu
74%
GGabon
68%
CCambodia
63%
LLaos
63%
NNamibia
63%
KKazakhstan
58%
EEast Timor
47%
PPakistan
47%
TTaiwan
42%
FFed. States of Micronesia
37%
MMadagascar
37%
SSaint Kitts and Nevis
37%
DD.R. Congo
32%
RRepublic of the Congo
32%

Score Distribution

Percentile by Number Answered

Percent of People with Each Score

Your Score History

You have not taken this quiz since the last reset